00507nam a2200181 a 4500001001300000003000900013005001700022008004100039020002600080082001300106100002000119245004500139260004300184300000900227500003500236505002400271650003000295nice12345678IN_TiNIC20260116013054.0050524s1997 lona grp 000 0 eng  a0415486 c961.2600a190bMAL aMalcolm, Norman aWittgensteinb a Religious Point of View aLondon bRoutledge Chapman Hall c1997 a140p aincludes index and biblioraphy2 aBibliography, Index aPhilosophy-Modern Western